Vianočná kuchárka

Bibliographic Details
Main Authors: Štígel, Jozef (Author), Markuš, Michal, 1912-2004 (Author)
Format: Book
Language:Slovak
PhysicalDescription:211 s., 22 ,79 AH 23 cm
Published: Martin Osveta 1988
Edition:1. vyd.

MARC

LEADER 00000nam a2200000 a 4500
001 vtls001080704
003 SK-MaSNL
005 20260301041000.0
008 250414s1988 xo 0 slo
015 |a SNBA1989/04 
035 |a SNK000023541 
040 |a SNK  |b slo  |c SNK  |e AACR2 
041 0 |a slo 
044 |a xo  |c SK 
080 |a 641.566(083.12)  |2 1981 
100 1 |a Štígel, Jozef  |4 aut  |9 342013 
245 1 0 |a Vianočná kuchárka  |c Jozef Štígel ; Michal Markuš, Dušan Tichý, Veronika Kramárová 
250 |a 1. vyd. 
260 |a Martin  |b Osveta  |c 1988  |e Martin  |f Tlačiarne SNP 
300 |a 211 s., 22 ,79 AH  |c 23 cm 
366 |e 50000 výtl. 
500 |a Rozlož. fot. na tit. liste. Fot. na predsádkach. Reg. 
700 1 |a Markuš, Michal,  |d 1912-2004  |4 aut  |9 226347 
700 1 |a Tichý, Dušan  |4 bkd  |9 231892 
700 1 |a Kramárová, Veronika  |4 bkd  |9 276980 
852 |a Slovenská národná knižnica 
954 |a jedlá vianočné  |a knihy kuchárske 
958 |a OND 
958 |a TL 
999 |c 587293  |d 589223 
952 |t P60, <04>, [BOOK], {604}  |a SNK  |b SNK  |y VYP  |7 0  |p 17A0176582  |o snkSC 73874 D1  |0 0  |1 0  |4 0  |d 1999-01-13  |l 0  |r 2004-12-31 00:00:00  |w 2026-02-23 
952 |a SNK  |b SNK  |y PREZ  |7 0  |p 17A0964338  |o snkSC 73874  |0 0  |1 0  |4 0  |d 2012-09-25  |l 0  |r 2025-07-30 00:00:00  |w 2026-02-23